Największe transfery sezonu 2020/21. - Statystyki

Ogólne statystyki
  • Ten quiz został rozwiązany 114 razy
  • Średni wynik to 8 z 10
Statystyki odpowiedzi
# Piłkarz Narodowość Klub oddający Kwota transferu Klub pozyskujący % Poprawnych
1 Kai Havertz
80,00 mln €
93%
6 Miralem Pjanic
60,00 mln €
90%
7 Timo Werner
53,00 mln €
87%
5 Leroy Sané
60,00 mln €
86%
10 Thomas Partey
50,00 mln €
81%
4 Rúben Dias
71,60 mln €
78%
3 Victor Osimhen
75,00 mln €
77%
2 Arthur
76,00 mln €
74%
9 Mauro Icardi
50,00 mln €
72%
8 Ben Chilwell
50,20 mln €
48%
Nie znaleziono quizów pasujących do podanych kryteriów
Rozkład punktacji
Procent ludzi z każdym wynikiem
Percentyl według liczby udzielonych odpowiedzi
Twoja historia wyników
Nie rozwiązałeś tego quizu